[Event "FRA-chT U20"]
[Site "Pau"]
[Date "2000.??.??"]
[Round "4"]
[White "Abergel, Thal"]
[Black "Minet, Steve"]
[Result "1/2-1/2"]
[WhiteElo "2278"]
[BlackElo "2131"]

1. e4 c5 2. Nf3 e6 3. d4 cxd4 4. Nxd4 Bc5 5. Nb3 Bb6 6. Bd3 Ne7 7. O-O Nbc6
8. Nc3 d5 9. exd5 Nxd5 10. Qg4 g6 11. Bg5 f6 12. Nxd5 exd5 13. Rfe1+ Kf7
14. Qf3 a5 15. a4 Nb4 16. Bf4 Nxd3 17. Qxd3 Bf5 18. Qd2 Rc8 19. c3 Qd7 20.
Be3 Bc7 21. Nd4 Rhe8 22. b3 g5 23. Rad1 Rcd8 24. Nb5 Qc6 25. Nd4 Qd7 26.
Qe2 Bg6 27. Nb5 Bf4 28. Qd2 Bxe3 29. Rxe3 Rxe3 30. fxe3 Be4 31. Rf1 Qg4 32.
Rf2 Qe6 33. Qd4 b6 34. Kf1 Kg6 35. Rd2 Rc8 36. Na3 f5 37. c4 Qd6 38. Nb5
Qxh2 39. Qxb6+ Kg7 40. Qb7+ Kg6 1/2-1/2

[Event "Bosnjaci op 6th"]
[Site "Bosnjaci"]
[Date "2000.01.03"]
[Round "8"]
[White "Dabo Peranic, Robert"]
[Black "Jusic, Zdenko"]
[Result "1-0"]
[WhiteElo "2282"]
[BlackElo "2387"]

1. e4 e6 2. d4 c5 3. Nf3 cxd4 4. Nxd4 Bc5 5. Nb3 Bb6 6. Na3 d5 7. exd5 exd5
8. Qe2+ Ne7 9. Be3 Nbc6 10. O-O-O O-O 11. Bxb6 axb6 12. Kb1 Bf5 13. Qd2 Qd7
14. Bd3 Ne5 15. Bxf5 Qxf5 16. Nd4 Qd7 17. Rhe1 N5c6 18. Nab5 Nc8 19. Qg5 h6
20. Qf5 Qd8 21. Re3 N8e7 22. Qh5 Ng6 23. Nf5 Ra5 24. Nbd4 Re8 25. Qe2 Rxe3
26. Qxe3 Qa8 27. a3 Qd8 28. Re1 Qf6 29. g3 Nce5 30. f4 Nc4 31. Qe8+ Kh7 32.
h4 Nd2+ 33. Ka2 Nf3 34. Rd1 Nxd4 35. Nxd4 Ne7 36. c3 h5 37. Re1 Nc6 38. Nf3
Kg6 39. Ng5 Nd8 40. f5+ Qxf5 41. Qxd8 Qf2 42. Qe8 Ra8 43. Re6+ 1-0

[Event "Spring op 16th"]
[Site "Budapest"]
[Date "2000.03.17"]
[Round "2"]
[White "Erdelyi, Zombor"]
[Black "Antal, Gergely"]
[Result "1/2-1/2"]
[WhiteElo "2146"]
[BlackElo "2339"]

1. e4 c5 2. Nf3 e6 3. d4 cxd4 4. Nxd4 Bc5 5. Nb3 Bb6 6. Bd3 Ne7 7. O-O O-O
8. c4 f5 9. Bg5 fxe4 10. Bxe4 Qe8 11. Nc3 a6 12. Qd3 g6 13. h4 Nbc6 14.
Bxc6 bxc6 15. Ne4 d5 16. Nf6+ Rxf6 17. Bxf6 Nf5 18. h5 a5 19. Nd4 Bxd4 20.
Bxd4 Ba6 21. b3 e5 22. Bb2 e4 23. Qd2 gxh5 24. cxd5 Bxf1 25. Rxf1 Qg6 26.
dxc6 Qxc6 27. Rc1 e3 28. Qxe3 Nxe3 29. Rxc6 Nd5 30. Rc5 Nb4 31. Bc3 Nxa2
32. Bxa5 Nc1 33. Rxc1 Rxa5 1/2-1/2

[Event "Lausanne Master op"]
[Site "Lausanne"]
[Date "2000.05.31"]
[Round "2"]
[White "Zenklusen, Rico"]
[Black "Gendre, Stephane"]
[Result "1-0"]
[WhiteElo "2206"]
[BlackElo "2126"]

1. e4 e6 2. d4 c5 3. Nf3 cxd4 4. Nxd4 Bc5 5. Nb3 Bb6 6. Nc3 Ne7 7. g3 f5 8.
e5 Nbc6 9. f4 g5 10. Nb5 O-O 11. Bg2 Ng6 12. h4 gxf4 13. gxf4 Rf7 14. Qh5
Rg7 15. Nd6 Nb4 16. Kd1 Qe7 17. Qe2 Qd8 18. Qe1 a5 19. Bf3 h6 20. a3 Nd5
21. h5 Nge7 22. Be3 a4 23. Nc5 Bxc5 24. Bxc5 Ra5 25. Rg1 b6 26. Rxg7+ Kxg7
27. Qg1+ Kh7 28. Bxb6 Qf8 29. Bxd5 Nxd5 30. Qg6+ 1-0

[Event "NOR Team Ch middle"]
[Site "Narvik"]
[Date "2000.06.??"]
[Round "3"]
[White "Roelvaag, Mikael"]
[Black "Svedenborg, Paul"]
[Result "1/2-1/2"]
[WhiteElo "2265"]
[BlackElo "2255"]

1. e4 c5 2. Nf3 e6 3. d4 cxd4 4. Nxd4 Bc5 5. Nb3 Bb6 6. c4 Ne7 7. Nc3 f5 8.
Bg5 O-O 9. c5 Bc7 10. exf5 Rxf5 11. Bh4 Na6 12. Bxa6 bxa6 13. O-O Bb7 14.
f3 Qe8 15. Bg3 e5 16. Qd3 Rf7 17. Nd2 1/2-1/2

[Event "NED-ch U20 op"]
[Site "Hengelo"]
[Date "2000.08.07"]
[Round "8"]
[White "Hamelink, Desiree"]
[Black "Van Beek, Alexander"]
[Result "1-0"]
[WhiteElo "2176"]
[BlackElo "2270"]

1. e4 c5 2. Nf3 e6 3. d4 cxd4 4. Nxd4 Bc5 5. Nb3 Bb6 6. Nc3 Ne7 7. Be2 O-O
8. O-O f5 9. Bg5 Nbc6 10. exf5 Rxf5 11. Bh4 d5 12. Bg4 Rf7 13. Qe2 e5 14.
Rad1 d4 15. Ne4 Rf4 16. Bxc8 Rxc8 17. g3 Rf8 18. Qg4 Kh8 19. Ng5 Qd5 20.
Ne6 Rf7 21. c4 Qd7 22. h3 Nf5 23. Ng5 Rff8 24. Nd2 Rcd8 25. Nde4 Nxh4 26.
Qxh4 Qf5 27. Qh5 Rd7 28. f4 Qg6 29. fxe5 Re8 30. Qxg6 hxg6 31. c5 Bc7 32.
e6 Rd5 33. Rf7 Bxg3 34. Rdf1 Kg8 35. Rxg7+ 1-0

[Event "BL2-West 0001"]
[Site "Germany"]
[Date "2000.10.15"]
[Round "1"]
[White "Wessels, Marco"]
[Black "Welling, Gerard"]
[Result "1/2-1/2"]
[WhiteElo "2217"]
[BlackElo "2364"]

1. e4 c5 2. Nf3 e6 3. d4 cxd4 4. Nxd4 Bc5 5. Nb3 Bb6 6. Nc3 Ne7 7. Bg5 O-O
8. Qd2 Nbc6 9. O-O-O f6 10. Bh4 a6 11. Kb1 Ba7 12. Bg3 Ne5 13. f4 Nf7 14.
Be2 b5 15. Bf3 Rb8 16. f5 e5 17. Bf2 Bxf2 18. Qxf2 b4 19. Nd5 Nxd5 20. Rxd5
Bb7 21. Rd2 Bc6 22. h4 Qc7 23. Nc5 Qa7 24. Rhd1 1/2-1/2

[Event "Elgoibar 10th"]
[Site "Elgoibar"]
[Date "2000.11.28"]
[Round "2"]
[White "Fernandez Garcia, Jose Luis"]
[Black "Ivanisevic, Ivan"]
[Result "0-1"]
[WhiteElo "2454"]
[BlackElo "2530"]

1. e4 c5 2. Nf3 e6 3. d4 cxd4 4. Nxd4 Bc5 5. c3 Qb6 6. Qc2 Nf6 7. Nb3 Be7
8. Na3 d5 9. exd5 Nxd5 10. Nc4 Qc7 11. Ne3 Nf6 12. g4 b6 13. g5 Nh5 14. Ng2
Bb7 15. Be3 Nd7 16. O-O-O O-O-O 17. Nd4 a6 18. Be2 g6 19. Nf3 Ng7 20. Bf4
e5 21. Rxd7 Qxd7 22. Nxe5 Qd5 23. Bg4+ Nf5 24. Rd1 Qxg2 25. Bxf5+ gxf5 26.
Qxf5+ Kb8 27. Nc4+ Ka7 28. Be3 Rd5 29. Bxb6+ Ka8 30. Qxf7 Bxg5+ 31. Be3
Bxe3+ 32. Nxe3 Qg5 33. h4 Qh6 34. Rg1 Rhd8 0-1

[Event "YUG-chT (Women)"]
[Site "Kragujevac"]
[Date "2000.12.11"]
[Round "6"]
[White "Laketic, Milica"]
[Black "Kalevic, Sanja"]
[Result "0-1"]
[WhiteElo "2153"]
[BlackElo "2274"]

1. e4 c5 2. Nf3 e6 3. d4 cxd4 4. Nxd4 Bc5 5. Nb3 Bb6 6. c4 Ne7 7. Nc3 O-O
8. Be2 Nbc6 9. Bf4 f5 10. Bd6 Bc7 11. c5 b6 12. O-O Bb7 13. exf5 Bxd6 14.
Qxd6 Nxf5 15. Qd2 Nh4 16. Qe3 Nb4 17. Rad1 Bxg2 18. Rfe1 Nc2 0-1

[Event "Open Edinburgh SCO"]
[Site "?"]
[Date "2001.??.??"]
[Round "?"]
[White "Arakhamia Grant, Ketevan"]
[Black "Plaskett, Jim"]
[Result "1-0"]
[WhiteElo "2425"]
[BlackElo "2460"]

1. e4 c5 2. Nf3 e6 3. d4 cxd4 4. Nxd4 Bc5 5. Nb3 Bb6 6. Bd3 Ne7 7. Nc3 Nbc6
8. Qe2 O-O 9. Bg5 a6 10. O-O-O Bc7 11. Qh5 f6 12. Be3 b5 13. f4 b4 14. Nd5
exd5 15. exd5 g6 16. Qf3 Ne5 17. fxe5 fxe5 18. Qe4 Bb7 19. Bc4 d6 20. Nc5
Qc8 21. Nxb7 Qxb7 22. g4 Bb6 23. Bh6 Rf2 24. Rdf1 Kh8 25. Rxf2 Bxf2 26. Qf3
Ng8 27. Qxf2 Nxh6 28. Qf6+ Qg7 29. Qxd6 Nxg4 30. Qxb4 e4 31. Be2 Nf2 32.
Rf1 e3 33. Qf4 Re8 34. Bxa6 g5 35. Qf5 Ne4 36. Bd3 Nd2 37. Re1 g4 38. Qf4
Qe5 39. Qxe5+ Rxe5 40. d6 Nf3 41. d7 Rd5 42. Rxe3 Rxd7 43. Bf5 Rg7 44. Bxg4
Nxh2 45. Be6 Re7 46. a4 Kg7 47. Rg3+ Kf6 1-0

[Event "Geneve op 17th"]
[Site "Geneve"]
[Date "2001.01.20"]
[Round "4"]
[White "Fairbairn, Stephen"]
[Black "Becker, Thomas"]
[Result "0-1"]
[WhiteElo "2149"]
[BlackElo "2215"]

1. e4 c5 2. Nf3 e6 3. d4 cxd4 4. Nxd4 Bc5 5. Nb3 Be7 6. Bd3 d6 7. O-O Nf6
8. c4 Nc6 9. Nc3 O-O 10. Kh1 b6 11. Be3 Ne5 12. Be2 Bb7 13. f4 Ng6 14. Nd2
d5 15. cxd5 exd5 16. Nxd5 Bxd5 17. exd5 Nxd5 18. Nc4 Nxe3 19. Nxe3 Qxd1 20.
Raxd1 Bf6 21. b3 Rae8 22. Rd3 Bd4 23. Rxd4 Rxe3 24. Bc4 Rfe8 25. g3 Nf8 26.
Kg2 g6 27. Rfd1 Kg7 28. Kf2 h6 29. R4d3 Re2+ 30. Kf3 Rxh2 31. R3d2 Rxd2 32.
Rxd2 h5 33. Rd6 Re7 34. a4 Nd7 35. g4 hxg4+ 36. Kxg4 Nf6+ 37. Kf3 Rd7 38.
Rxd7 Nxd7 39. b4 Kf6 40. a5 bxa5 41. bxa5 Nc5 42. Bd5 Ke7 43. Ke3 f6 44.
Kd4 Kd6 45. Bf7 Nb7 46. a6 Nc5 47. Bxg6 Nxa6 48. Bf7 Nc5 49. Bc4 Ne6+ 50.
Ke4 Ng7 51. Ba2 Kc5 52. Bf7 a5 53. Ba2 a4 54. Bf7 a3 55. Ba2 Kd6 56. Bc4
Kc6 57. Bf7 Kd6 58. Bc4 f5+ 59. Ke3 Kc5 60. Ba2 Ne8 61. Kd3 Nc7 62. Kc3
Nd5+ 63. Kb3 Nb4 64. Kxa3 Nxa2 65. Kxa2 Kd4 66. Kb2 Ke3 67. Kc2 Kxf4 68.
Kd2 Kf3 0-1

[Event "CHN-chT"]
[Site "Suzhou"]
[Date "2001.03.02"]
[Round "7"]
[White "Yu Shaoteng"]
[Black "Kang Chuanqi"]
[Result "1-0"]
[WhiteElo "2493"]
[BlackElo "2318"]

1. e4 c5 2. Nf3 e6 3. d4 cxd4 4. Nxd4 Bc5 5. Nb3 Bb6 6. Bd3 Ne7 7. Qe2 Nbc6
8. Be3 O-O 9. N1d2 Bxe3 10. Qxe3 f5 11. f4 e5 12. fxe5 Nxe5 13. O-O-O d5
14. exd5 Nxd3+ 15. Qxd3 Qxd5 16. Qe2 Ng6 17. Rhe1 f4 18. Nf3 Qc6 19. h3 Bf5
20. Nbd4 Qc5 21. Ne6 Bxe6 22. Qxe6+ Kh8 23. Rd5 Qc8 24. Rd7 Rf6 25. Qd5 Qc6
26. Qxc6 bxc6 27. Red1 h6 28. R1d6 Rxd6 29. Rxd6 Ne7 30. Ne5 Kh7 31. Re6
Nd5 32. Nxc6 Rf8 33. Re2 g5 34. Nxa7 f3 35. gxf3 Rxf3 36. Rd2 Nf4 37. b4
Nxh3 38. b5 Rf7 39. Nc6 Rb7 40. a4 g4 41. c4 g3 42. Rg2 Nf4 43. Rxg3 Ne2+
44. Kc2 Nxg3 45. a5 Rf7 46. a6 Rf2+ 47. Kb3 Ne4 48. a7 Nc5+ 49. Kb4 1-0

[Event "Bad Woerishofen op 17th"]
[Site "Bad Woerishofen"]
[Date "2001.03.15"]
[Round "2"]
[White "Kekelidze, Mikheil"]
[Black "Becker, Thomas"]
[Result "1-0"]
[WhiteElo "2512"]
[BlackElo "2178"]

1. d4 e6 2. Nf3 c5 3. e4 cxd4 4. Nxd4 Bc5 5. Nb3 Be7 6. Nc3 d6 7. Be3 Nf6
8. Qe2 a6 9. O-O-O Qc7 10. g4 b5 11. Bg2 Bb7 12. f4 O-O 13. g5 Nfd7 14. Qf2
Nc6 15. Kb1 Rfd8 16. h4 Na5 17. Nxa5 Qxa5 18. e5 Bxg2 19. Qxg2 d5 20. h5
Rac8 21. g6 fxg6 22. hxg6 h6 23. Nxd5 exd5 24. Qxd5+ Kh8 25. Rxh6+ gxh6 26.
Qf7 Nf8 27. g7+ Kh7 28. g8=R# 1-0

[Event "WC.2003.S.00008"]
[Site "IECG"]
[Date "2001.04.01"]
[Round "?"]
[White "Rusak, AlexandrVictorovich"]
[Black "Nadanian, Ashot"]
[Result "1-0"]
[WhiteElo "2048"]
[BlackElo "2413"]

1. e4 c5 2. Nf3 e6 3. d4 cxd4 4. Nxd4 Bc5 5. Nb3 Bb6 6. Nc3 Ne7 7. Qh5 O-O
8. Bg5 f5 9. O-O-O h6 10. h4 fxe4 11. Rh3 d5 12. Bxh6 gxh6 13. Rg3+ Kh7 14.
Nxe4 dxe4 15. Rxd8 Bxd8 16. Qe5 Nf5 17. Qxe4 Nd7 18. Bd3 Nf6 19. Qc4 Kh8
20. Rg6 Kh7 21. Nd4 Kxg6 22. Nxe6 Bxe6 23. Qxe6 Kg7 24. Qxf5 Rf7 25. g4 Kf8
26. Bc4 Rc7 27. Bb3 Kg7 28. f4 Re7 29. h5 Re1+ 30. Kd2 Re8 31. Qg6+ Kh8 32.
Bf7 Ba5+ 33. c3 Red8+ 34. Kc2 Nh7 35. g5 1-0

[Event "WC.2003.S.00008"]
[Site "IECG"]
[Date "2001.04.01"]
[Round "?"]
[White "Delalleau, Bruno"]
[Black "Nadanian, Ashot"]
[Result "1-0"]
[WhiteElo "1457"]
[BlackElo "2413"]

1. e4 c5 2. Nf3 e6 3. d4 cxd4 4. Nxd4 Bc5 5. Nb3 Bb6 6. Nc3 Ne7 7. Bf4 d5
8. exd5 exd5 9. Bd3 Nbc6 10. O-O O-O 11. Qd2 a5 12. a4 Nb4 13. Rfe1 Nec6
14. Nb5 Nxd3 15. cxd3 Be6 16. Rac1 d4 17. Nc5 Bxc5 18. Rxc5 Qd7 19. Nd6 Nb4
20. Ne4 Bf5 21. Rb5 Rfe8 22. f3 b6 23. Rc1 Bg6 24. Rxb6 Qxa4 25. Bd6 f5 26.
Ng5 Rac8 27. Rxc8 Rxc8 28. Bxb4 axb4 29. h4 Re8 30. Qxb4 Qd1+ 31. Kh2 Qxd3
32. Re6 f4 33. Re7 1-0

[Event "Southend op"]
[Site "London"]
[Date "2001.04.14"]
[Round "3"]
[White "Eames, Robert"]
[Black "Reid, Graham A"]
[Result "1/2-1/2"]
[WhiteElo "2307"]
[BlackElo "1944"]

1. e4 c5 2. Nf3 e6 3. d4 cxd4 4. Nxd4 Bc5 5. Nb3 Bb6 6. c4 Qh4 7. Qe2 Nf6
8. Nc3 O-O 9. g3 Qg4 10. f3 Qh5 11. Bf4 d5 12. g4 Qg6 13. c5 Bd8 14. h4
dxe4 15. h5 exf3 16. Qh2 f2+ 17. Kd2 Qxg4 18. Be2 Qf5 19. Bd3 Qg4 20. Bxb8
Nd5 21. Nxd5 exd5 22. Bf4 Bg5 23. Bxg5 Qxg5+ 24. Kc2 Bf5 25. Qxf2 Bxd3+ 26.
Kxd3 b6 27. c6 d4 28. Rag1 Qb5+ 29. Kc2 Qxc6+ 30. Kb1 Rad8 31. Nxd4 Qe4+
32. Nc2 f5 33. Qg3 Rf7 34. h6 g6 35. Re1 Rfd7 36. Qb3+ Qd5 37. Qxd5+ Rxd5
38. Nb4 R5d6 39. Re7 a5 40. Na6 Rd1+ 41. Rxd1 Rxd1+ 42. Kc2 Rh1 43. Nc7
Rxh6 44. Nd5 Rh2+ 45. Kc3 h5 46. Rb7 h4 47. Ne7+ Kf7 48. Nxf5+ Kf6 49. Ne3
Rh3 50. Kd4 Rg3 51. Rxb6+ Kg5 52. Rb8 Rf3 53. Rb5+ Kf4 54. Ng2+ Kg4 55.
Ne3+ Kf4 56. Ng2+ 1/2-1/2

[Event "HeiBei zt 3.3"]
[Site "HeiBei"]
[Date "2001.04.16"]
[Round "2"]
[White "Wang Zili"]
[Black "Ye Jiangchuan"]
[Result "1/2-1/2"]
[WhiteElo "2580"]
[BlackElo "2671"]

1. e4 c5 2. Nf3 e6 3. d4 cxd4 4. Nxd4 Bc5 5. Nb3 Bb6 6. Nc3 Ne7 7. Bf4 d5
8. exd5 exd5 9. Bd3 Nbc6 10. O-O a6 11. Qh5 Nb4 12. Rad1 Nxd3 13. Rxd3 Bf5
14. Rd2 Qd7 15. Re2 Be6 16. Na4 Qxa4 17. Rxe6 Qxf4 18. Rxb6 Qc7 19. Re6 g6
20. Qe5 Qxe5 21. Rxe5 f6 22. Re6 Kf7 23. Rfe1 Nc6 24. Nc5 Ra7 25. Nd7 f5
26. Rd6 d4 27. h4 Raa8 28. Nc5 Rhe8 29. Rd7+ Kf6 30. Rxe8 Rxe8 31. Rxb7
Re1+ 32. Kh2 Ne5 33. Kg3 Rc1 34. Rb6+ Kf7 35. Nb3 Rxc2 36. Nxd4 Rd2 37. Nf3
Nxf3 38. Kxf3 a5 39. a4 Rd4 40. b3 Rd2 41. g3 h6 42. Ke3 Rb2 43. f3 g5 44.
h5 Rg2 45. Rb5 Kf6 46. Rxa5 Rxg3 47. Kf2 Rh3 48. Rb5 Rh2+ 49. Ke3 f4+ 50.
Kd3 Rf2 51. Rb6+ 1/2-1/2

[Event "HeiBei zt 3.3 (Women)"]
[Site "HeiBei"]
[Date "2001.04.16"]
[Round "2"]
[White "Li Ruofan"]
[Black "Xu Yuanyuan"]
[Result "1-0"]
[WhiteElo "2278"]
[BlackElo "2436"]

1. e4 c5 2. Nf3 e6 3. d4 cxd4 4. Nxd4 Bc5 5. Nb3 Bb6 6. Bd3 Ne7 7. O-O O-O
8. c4 f5 9. exf5 Nxf5 10. Nc3 Nc6 11. Bf4 d5 12. c5 Bc7 13. Bxc7 Qxc7 14.
Bxf5 Rxf5 15. Nb5 Qf4 16. g3 Rg5 17. Kh1 Qf5 18. f4 Rg6 19. Nd6 Qh3 20. Rf3
Ne7 21. Qd2 Bd7 22. Nd4 b6 23. b4 bxc5 24. bxc5 Rb8 25. Kg1 Nc6 26. Rb3 Rf8
27. Nf3 Qg4 28. f5 Rgf6 29. Rf1 exf5 30. Qxd5+ Kh8 31. Rb7 f4 32. Ng5 h6
33. Ndf7+ R8xf7 34. Nxf7+ Rxf7 35. Qxf7 Bf5 36. Qf8+ Kh7 37. Rxg7+ 1-0

[Event "Belgrade TS04 GM"]
[Site "Belgrade"]
[Date "2001.04.21"]
[Round "5"]
[White "Vuckovic, Bojan"]
[Black "Sahovic, Dragutin"]
[Result "1/2-1/2"]
[WhiteElo "2479"]
[BlackElo "2446"]

1. e4 c5 2. Nf3 e6 3. d4 cxd4 4. Nxd4 Bc5 5. Be3 d6 6. Nb5 Bxe3 7. Nxd6+
Ke7 8. Nxc8+ Qxc8 9. fxe3 Nc6 10. Nc3 Nf6 11. Qf3 Qc7 12. O-O-O Ne5 13. Qg3
Rac8 14. Bd3 Rhg8 15. Kb1 a6 16. Ne2 Nxd3 17. Qxc7+ Rxc7 18. cxd3 Ng4 19.
Rc1 Rd7 20. d4 Nf2 1/2-1/2

[Event "Belgrade TS04 GM"]
[Site "Belgrade"]
[Date "2001.04.21"]
[Round "10"]
[White "Matulovic, Milan"]
[Black "Nestorovic, Dejan"]
[Result "1/2-1/2"]
[WhiteElo "2420"]
[BlackElo "2433"]

1. e4 c5 2. Nf3 e6 3. d4 cxd4 4. Nxd4 Bc5 5. Nb3 Bb6 6. Nc3 Ne7 7. Bd3 Nbc6
8. O-O O-O 9. Qe2 f5 10. exf5 Nxf5 11. Bxf5 Rxf5 12. Be3 d5 13. Bxb6 Qxb6
14. Rad1 Bd7 15. Na4 Qc7 16. Nac5 Re5 17. Qd2 b6 18. f4 Rf5 19. Nxd7 Qxd7
1/2-1/2

[Event "YUG-chT"]
[Site "Herceg Novi"]
[Date "2001.05.??"]
[Round "1"]
[White "Vukovic, Zdravko"]
[Black "Tadic, Branko"]
[Result "1/2-1/2"]
[WhiteElo "2457"]
[BlackElo "2407"]

1. e4 c5 2. Nf3 e6 3. d4 cxd4 4. Nxd4 Bc5 5. Nb3 Bb6 6. g3 Nc6 7. Bg2 Nge7
8. Nc3 O-O 9. O-O f5 10. Bf4 fxe4 11. Nxe4 d5 12. Nec5 e5 13. Be3 a5 14. a4
d4 15. Bd2 Qd6 16. Qe2 Bxc5 17. Qc4+ Be6 18. Qxc5 Qc7 19. f4 b6 20. Qb5
Rad8 21. fxe5 Rxf1+ 22. Qxf1 Nxe5 23. Rc1 N7g6 24. Bf4 Nxf4 25. Qxf4 Bxb3
26. cxb3 Qd6 27. Re1 Nf7 28. Qxd6 Nxd6 29. Bd5+ Kf8 30. Rf1+ Ke7 31. Rf4
Ne8 32. Bc4 Nf6 33. Kf2 Rd6 34. Ke2 Kd7 35. Kd3 Kc6 36. Rxd4 Ng4 37. Rxd6+
Kxd6 38. h3 Nf2+ 39. Ke3 Nxh3 40. Bd3 h6 41. Kd4 Ng5 42. Bf5 Nf3+ 43. Kc4
Nd2+ 44. Kc3 Nf1 45. g4 Ne3 46. Bc8 g6 47. Kd4 Nc2+ 48. Kc4 h5 49. gxh5
gxh5 50. Bh3 h4 51. Kb5 Kc7 52. Bg2 Nb4 53. Be4 h3 54. Bf5 h2 55. Be4 Nd3
56. Bh1 Nf2 57. Bg2 Nd3 58. Bh1 Nb4 59. Bg2 Nc2 60. Bh1 Nd4+ 61. Kc4 Nc6
62. Kb5 Nb4 63. Kc4 Kb8 64. Kb5 Ka7 65. Be4 Nd3 66. Bf3 Nxb2 67. b4 axb4
68. Kxb4 Ka6 69. Be4 Nd1 70. Bf3 Ne3 71. Be2+ Ka7 72. Bf3 Nc2+ 73. Kc3 Ne3
74. Kb4 Nf5 75. Bg2 Nd6 76. Bf3 1/2-1/2

[Event "YUG-chT"]
[Site "Herceg Novi"]
[Date "2001.05.??"]
[Round "5"]
[White "Popovic, Petar"]
[Black "Nestorovic, Dejan"]
[Result "1/2-1/2"]
[WhiteElo "2518"]
[BlackElo "2444"]

1. e4 c5 2. Nf3 e6 3. d4 cxd4 4. Nxd4 Bc5 5. Be3 d6 6. Nc3 Nf6 7. e5 Bxd4
8. Qxd4 dxe5 9. Qxe5 O-O 10. Rd1 Nbd7 11. Qd6 Qa5 12. Bd3 b6 13. O-O Ba6
14. Bd4 Bxd3 15. Rxd3 Rfe8 16. h3 e5 17. Be3 Nc5 18. Rdd1 Nce4 19. Nxe4
Nxe4 20. Qd3 Nf6 21. Qb3 Rad8 22. Bg5 h6 23. Bxf6 gxf6 24. a3 Qc5 25. Rfe1
Rd6 26. Rxd6 Qxd6 27. Re3 Rd8 28. Rd3 Qc7 29. Rg3+ Kf8 30. Rd3 Kg7 31. Rg3+
Kf8 32. Rd3 Kg7 33. Qb5 e4 34. Rg3+ Kh8 35. Qf5 Qe5 36. Qg4 f5 37. Qh4 Rd1+
38. Kh2 Rd6 39. Qh5 Rg6 40. Qh4 Kh7 41. Kg1 Qxb2 42. Qe7 Qa1+ 43. Kh2 Rxg3
44. Kxg3 Kg7 45. Kf4 Kg6 46. h4 Qc1+ 47. Ke5 Qb2+ 48. Kf4 Qxc2 49. h5+ Kg7
50. Qe5+ Kg8 51. Qe8+ Kg7 52. Qe5+ Kh7 53. Qxf5+ Kg8 54. Kg3 Qc3+ 55. Kh2
Qxa3 56. Qg4+ Kf8 57. Qc8+ Kg7 58. Qg4+ Kf8 59. Qc8+ Ke7 60. Qc7+ Ke6 61.
Qc8+ Ke7 62. Qc7+ Kf6 63. Qf4+ Kg7 64. Qg4+ Kf8 1/2-1/2

[Event "BUL-ch 65th"]
[Site "Tsarevo"]
[Date "2001.05.11"]
[Round "5"]
[White "Simeonov, Stefan"]
[Black "Rusev, Krasimir"]
[Result "0-1"]
[WhiteElo "2338"]
[BlackElo "2235"]

1. e4 c5 2. Nf3 e6 3. d4 cxd4 4. Nxd4 Bc5 5. Nb3 Bb6 6. Bd3 Ne7 7. Nc3 O-O
8. Qe2 f5 9. Be3 Bxe3 10. Qxe3 f4 11. Qd2 Nbc6 12. O-O-O Ne5 13. Be2 b6 14.
Qd6 N7g6 15. h4 Nf7 16. Qd2 Qf6 17. g4 f3 18. Bb5 Nfe5 19. Nd5 Qf7 20. h5
Nf4 21. Nc7 Rb8 22. Qd6 Nxg4 23. Rhg1 Ne2+ 24. Bxe2 fxe2 25. Rde1 Qxf2 26.
h6 Qxg1 27. Qxf8+ Kxf8 28. hxg7+ Kxg7 29. Rxg1 h5 30. Kd2 Bb7 31. Nb5 Bxe4
32. Kxe2 Rf8 33. Nd6 Bxc2 34. Nd4 Bg6 35. Rg2 a6 36. a3 Kf6 37. Nf3 Ke7 38.
Nh4 Bh7 39. Nc4 Be4 40. Rg3 Rf2+ 41. Ke1 Rh2 42. Nf3 Rc2 43. Nfd2 Bf5 44.
b4 b5 45. Na5 h4 46. Rh3 0-1

[Event "YUG Cup"]
[Site "Herceg Novi"]
[Date "2001.09.03"]
[Round "3"]
[White "Todorovic, Goran M"]
[Black "Tadic, Branko"]
[Result "1-0"]
[WhiteElo "2506"]
[BlackElo "2427"]

1. e4 c5 2. Nf3 e6 3. d4 cxd4 4. Nxd4 Bc5 5. Be3 Qb6 6. Nd2 Bxd4 7. Nc4
Bxe3 8. Nxb6 Bxb6 9. Qg4 Kf8 10. Bd3 d6 11. Qh4 Nc6 12. O-O-O Nge7 13. Kb1
e5 14. Bc4 Bc5 15. Qh5 Ng6 16. g3 Be6 17. Bxe6 fxe6 18. Rhf1 Kg8 19. f4
exf4 20. gxf4 e5 21. Qh3 h6 22. f5 Nf4 23. Qb3+ Kh7 24. Qxb7 Nd4 25. Rg1
Rhg8 26. c3 Nf3 27. Rxg7+ Rxg7 28. Qxa8 Ng2 29. a4 Ne3 30. Rh1 Nc4 31. Rc1
Nfd2+ 32. Ka2 Bb6 33. Rc2 Be3 34. Qd5 Bf4 35. f6 Rc7 36. Qe6 Rb7 37. Qf5+
1-0

[Event "ARG-ch sf"]
[Site "Buenos Aires"]
[Date "2001.09.10"]
[Round "7"]
[White "Duarte, Leonardo"]
[Black "Dolezal, Cristian"]
[Result "0-1"]
[WhiteElo "2127"]
[BlackElo "2392"]

1. e4 c5 2. Nf3 e6 3. d4 cxd4 4. Nxd4 Bc5 5. Be3 b6 6. c3 Ne7 7. Bd3 O-O 8.
O-O Bb7 9. Nd2 d5 10. e5 Ba6 11. Bxa6 Nxa6 12. f4 Qd7 13. N2f3 Bxd4 14.
Bxd4 Nc5 15. Ng5 h6 16. Nf3 Qb5 17. Qc2 Rac8 18. Nd2 Nf5 19. Nb3 h5 20.
Rad1 Qa4 21. Bxc5 bxc5 22. Nd4 Qxc2 23. Nxc2 Rc6 24. Rf3 Rb8 25. b3 a5 26.
Ne3 Nxe3 27. Rxe3 c4 28. bxc4 Rxc4 29. Rd4 Rb1+ 30. Kf2 Rxd4 31. cxd4 Rd1
32. Ra3 Rxd4 33. Kf3 a4 34. Rc3 Kh7 35. g4 g5 36. f5 hxg4+ 37. Kg3 exf5 38.
Rc7 Kg8 0-1

[Event "Oberliga Nord W 0102"]
[Site "Germany"]
[Date "2001.10.07"]
[Round "4"]
[White "Heinemann, Dieter"]
[Black "Brosig, Boris"]
[Result "1-0"]
[WhiteElo "2280"]
[BlackElo "2185"]

1. e4 c5 2. Nf3 e6 3. d4 cxd4 4. Nxd4 Bc5 5. Nb3 Be7 6. Nc3 d6 7. Be3 Nf6
8. f4 Nc6 9. Qf3 Qc7 10. O-O-O a6 11. g4 b5 12. g5 Nd7 13. a3 Bb7 14. h4
Rf8 15. Qf2 b4 16. axb4 Nxb4 17. Bg2 Rc8 18. Rd2 e5 19. f5 f6 20. g6 h6 21.
Rhd1 d5 22. exd5 Bd6 23. Kb1 Ke7 24. Ne4 Qc4 25. Qf1 Qb5 26. Qxb5 axb5 27.
Bf1 Rc7 28. c3 Na6 29. Bxb5 Rfc8 30. Na5 Nac5 31. Nxd6 Kxd6 32. Nc4+ 1-0

[Event "BL2-Sued 0102"]
[Site "Germany"]
[Date "2001.10.07"]
[Round "9"]
[White "Blank, Oliver Kai"]
[Black "Huber, Philipp"]
[Result "1/2-1/2"]
[WhiteElo "2177"]
[BlackElo "2238"]

1. e4 c5 2. Nf3 e6 3. d4 cxd4 4. Nxd4 Bc5 5. Nb3 Bb6 6. c4 Ne7 7. Nc3 Nbc6
8. Be2 O-O 9. Bf4 e5 10. Be3 Bxe3 11. fxe3 Ng6 12. Qd2 Qg5 13. O-O-O d6 14.
g3 Bh3 15. Rhg1 h5 16. g4 hxg4 17. Rg3 a5 18. Rdg1 a4 19. Na1 Qh6 20. Bxg4
Bxg4 21. Rxg4 Nce7 22. Nc2 Rac8 23. b3 axb3 24. axb3 Ra8 25. R1g3 f5 26.
exf5 Rxf5 27. Qg2 Rh5 28. Rxg6 Nxg6 29. Rxg6 Qh7 30. Rxd6 Rxh2 31. Qd5+ Kh8
32. Rd8+ Rxd8 33. Qxd8+ Qg8 34. Qxg8+ Kxg8 35. Ne4 Rg2 36. Kd1 g5 37. Ne1
Rb2 38. Nd2 g4 39. Nd3 Ra2 40. Nxe5 g3 41. Nef3 Kg7 42. Ke2 1/2-1/2

[Event "SLO-chT"]
[Site "Bled"]
[Date "2001.10.18"]
[Round "4"]
[White "Srebrnic, Marko"]
[Black "Guid, Matej"]
[Result "0-1"]
[WhiteElo "2199"]
[BlackElo "2184"]

1. e4 c5 2. Nf3 e6 3. d4 cxd4 4. Nxd4 Bc5 5. Nb3 Bb6 6. Bd3 Ne7 7. O-O Nbc6
8. c4 O-O 9. Nc3 f5 10. c5 Bc7 11. Nb5 f4 12. f3 b6 13. Nxc7 Qxc7 14. Bd2
bxc5 15. Qc1 Qd8 16. Qc3 Ne5 17. Be2 c4 18. Na5 Ba6 19. Rfd1 Nd3 20. Bxd3
cxd3 21. Qb4 Qb6+ 22. Qxb6 axb6 23. Nb3 d5 24. Bb4 Rfe8 25. Nd4 dxe4 26.
fxe4 e5 27. Nf3 Nc6 28. Bc3 h6 29. h4 Rad8 30. Rac1 Rd6 31. Kf2 Kf7 32. Ke1
Kf6 33. h5 Bc4 34. b3 Bf7 35. Kd2 Bxh5 36. Bb2 b5 37. Rc5 Bxf3 38. gxf3 Ra8
39. a3 Nd4 40. Bxd4 Rxd4 41. Ra1 b4 42. a4 Rd6 43. a5 g5 44. Rd5 Rxd5 45.
exd5 g4 46. Kxd3 g3 47. a6 h5 48. a7 h4 49. Ra6+ Kf5 50. Ke2 h3 51. Kf1 h2
52. Kg2 Rh8 53. Ra1 Ra8 54. Ra4 Kf6 55. Ra6+ Ke7 56. d6+ Ke6 57. Kh1 Kd7
58. Kg2 Rh8 59. Ra1 Kxd6 60. Kh1 Ra8 61. Ra6+ Kc7 0-1

[Event "Groningen SO-ON op A"]
[Site "Groningen"]
[Date "2001.12.22"]
[Round "6"]
[White "Hendriks, Willy"]
[Black "Van Beek, Alexander"]
[Result "1-0"]
[WhiteElo "2372"]
[BlackElo "2262"]

1. e4 c5 2. Nf3 e6 3. d4 cxd4 4. Nxd4 Bc5 5. Nb3 Bb6 6. Nc3 Ne7 7. Bd3 O-O
8. Qh5 Nbc6 9. Bg5 Qe8 10. Qh3 h6 11. Be3 Bxe3 12. Qxe3 f5 13. exf5 Nxf5
14. Bxf5 Rxf5 15. O-O-O Qf8 16. f3 d5 17. Rhe1 b6 18. Nb5 Rf6 19. N3d4 Nxd4
20. Nxd4 Bd7 21. g3 Rc8 22. Rd2 Rc4 23. f4 Qc5 24. h4 Qa5 25. Kb1 Be8 26.
g4 Bg6 27. g5 hxg5 28. hxg5 Rf7 29. Rh1 Be4 30. Rhh2 e5 31. Qh3 Re7 32. f5
Rxd4 33. Qh8+ Kf7 34. g6+ Kf6 35. Qf8+ Kg5 36. Qxe7+ Kf4 37. Rhf2+ Bf3 38.
Rxd4+ exd4 39. Qe2 Kg5 40. Rxf3 1-0